Catálogo público

Plants of coastal British Columbia (Record no. 43812)

MARC details
000 -CABECERA
campo de control de longitud fija 01085nam a22003257a 4500
003 - IDENTIFICADOR DEL NÚMERO DE CONTROL
campo de control CHAP
005 - FECHA Y HORA DE LA ÚLTIMA TRANSACCIÓN
campo de control 20220329135905.0
008 - DATOS DE LONGITUD FIJA--INFORMACIÓN GENERAL
campo de control de longitud fija 971013s1994 r 00010 d
010 ## - NÚMERO DE CONTROL DE LA BIBLIOTECA DEL CONGRESO
Número de control de LC 43812
011 ## - ENLACE DEL NUMERO DE CONTROL DE LA BIBLIOTECA DEL CONGRESO [OBSOLETO]
Número de control de LC 44784
035 ## - NÚMERO DE CONTROL DEL SISTEMA
Número de control de sistema 48922
040 ## - FUENTE DE LA CATALOGACIÓN
Centro/agencia transcriptor CHAP
082 ## - NÚMERO DE LA CLASIFICACIÓN DECIMAL DEWEY
Número de clasificación 581.97111
Número de documento/Ítem P6
100 00 - ENTRADA PRINCIPAL--NOMBRE DE PERSONA
Nombre de persona Pojar, Jim
Término indicativo de función/relación comp.
9 (RLIN) 90179
245 ## - MENCIÓN DE TÍTULO
Título Plants of coastal British Columbia
Resto del título : including Washington, Oregon & Alaka
260 ## - PUBLICACIÓN, DISTRIBUCIÓN, ETC.
Lugar de publicación, distribución, etc. Vancouver, British Columbia :
Nombre del editor, distribuidor, etc. Lone Pine,
Fecha de publicación, distribución, etc. 1994
300 ## - DESCRIPCIÓN FÍSICA
Extensión 527 p.
Otras características físicas : ilus.
590 ## - NOTA LOCAL (RLIN)
Nota local BATCH-UPD
Procedencia (VM) [OBSOLETO] 10
Condición del los carretes individuales (VM) [OBSOLETO] 20130110
-- UCH01
-- 0059
590 ## - NOTA LOCAL (RLIN)
Nota local BATCH-UPD
Procedencia (VM) [OBSOLETO] 10
Condición del los carretes individuales (VM) [OBSOLETO] 20130110
-- UCH01
-- 1040
590 ## - NOTA LOCAL (RLIN)
Nota local BATCH-UPD
Procedencia (VM) [OBSOLETO] 10
Condición del los carretes individuales (VM) [OBSOLETO] 20130409
-- UCH01
-- 2049
590 ## - NOTA LOCAL (RLIN)
Nota local BATCH-UPD
Procedencia (VM) [OBSOLETO] 10
Condición del los carretes individuales (VM) [OBSOLETO] 20130410
-- UCH01
-- 0640
590 ## - NOTA LOCAL (RLIN)
Nota local BATCH-UPD
Procedencia (VM) [OBSOLETO] 10
Condición del los carretes individuales (VM) [OBSOLETO] 20130914
-- UCH01
-- 0732
590 ## - NOTA LOCAL (RLIN)
Nota local CONVERSION
Procedencia (VM) [OBSOLETO] 10
Condición del los carretes individuales (VM) [OBSOLETO] 20130109
-- UCH01
-- 1324
650 14 - PUNTO DE ACCESO ADICIONAL DE MATERIA--TÉRMINO DE MATERIA
Término de materia o nombre geográfico como elemento de entrada Botánica
Subdivisión general British Columbia.
9 (RLIN) 14506
650 14 - PUNTO DE ACCESO ADICIONAL DE MATERIA--TÉRMINO DE MATERIA
Término de materia o nombre geográfico como elemento de entrada Botánica
Subdivisión general E.U.A.
9 (RLIN) 14533
700 0# - PUNTO DE ACCESO ADICIONAL--NOMBRE DE PERSONA
Nombre de persona MacKinnon, Andy
Término indicativo de función/relación comp.
9 (RLIN) 69456
901 ## - ELEMENTOS DE DATOS A LOCAL LDA (RLIN)
a BK
942 ## - ELEMENTOS DE PUNTO DE ACCESO ADICIONAL (KOHA)
Tipo de ítem Koha Libro
949 ## - PROCESAMIENTO DE INFORMACIÓN LOCAL (OCLC)
a 581.97111 P6
b BC
c C
d 33724000670154
e C
g I.c/e
h 89246
i 48922
s i
t 110.00
Holdings
Estado de retiro Estado de pérdida Fuente del sistema de clasificación o colocación Estado dañado Restricciones de uso No para préstamo Código de colección Localización permanente Ubicación/localización actual Ubicación en estantería Fecha de adquisición Fuente de adquisición Información codificada de la localización en otra ubicación Total de préstamos Signatura topográfica completa Código de barras Fecha visto por última vez Precio válido a partir de Tipo de ítem Koha
    Dewey Decimal Classification   Préstamo interno   Consulta Biblioteca Central Biblioteca Central Planta alta - Coleción Consulta 31/12/2019 I.c/e LIBRO   581.97111 P6 33724000670154 31/12/2019 31/12/2019 Libro